000 00386nam a2200169Ia 4500
003 0STCL
008 150530s9999 xx 000 0 und d
040 _aSTCL
_cSTCL
100 _aViswanath Iyyar, N.E.
245 _aUttha Chaand Doobta Sooraj
260 _bSwathi ; T V M
_c1984
300 _a0
546 _aHindi
942 _2ddc
_cBK
999 _c65653
_d65653
005 20220125171311.0